000 00368 a2200169 4500
001 188620
020 _a978-85-7472-838-4
040 _cMagnum
100 _aIgnácio, Sebastião Expedito
240 1 0 _aPalavrinha viva
_lpor
245 1 0 _aPalavrinha viva
300 _a463
362 0 _a2008
440 1 _aPositivo
697 _aLITERATURA INFANTO
942 _cBK
999 _c188620
_d188620